000 00841nam a22002417i 4500
999 _c23539
_d23539
003 AR-CdUCM
008 260302b20222022 pe||||| |||| 00| 0 spa d
020 _a978-612-50-74-03-4
040 _aMUNICIPALIDAD PROVINCIAL DEL CUSCO
_cBIBLIOTECA MUNICIPAL DEL CUSCO
041 _hspa
082 _aEP / 398.20985
_bD11
110 _aFondo del libro infantil - FONDELIN /
_952368
245 _aDuendes y criaturas mágicas del Perú /
260 _aLima :
_bAldo Editores Importadores SAC.
_c2022
300 _a112 páginas. :
_c24x17 cm.
505 _aEl duende minero -- Muki -- El duende gringuito -- El celoso Miqui -- La leyenda del Amaru --
650 _aLa Cuda
_952369
650 _aEl Tuche
_952370
650 _aLa Runamula
_952371
650 _aLos amarus de Junín
_952372
942 _2ddc
_cLIBROS
945 _apbjr
_d02-03-2026